LEADER 01785oam 2200577 450 001 9910714177403321 005 20180821090924.0 035 $a(VaAlASP)5157069 035 $a(CKB)5590000000907062 035 $a(OCoLC)610219299 035 $a(EXLCZ)995590000000907062 100 $a20100429d1985 ua 0 101 0 $aeng 135 $aurbn||||||abp 135 $aurbn||||||ada 181 $ctxt$2rdacontent 182 $cc$2rdamedia 183 $acr$2rdacarrier 200 10$aManhattan, the Army and the atomic bomb /$fby Vincent C. Jones 210 1$aWashington, D.C. :$cCenter of Military History, United States Army,$d1985. 215 $a1 online resource (xx, 660 pages, 4 unnumbered leaves of plates) $cillustrations, maps 225 1 $aUnited States Army in World War II. Special studies 225 1 $aCMH pub ;$v11-10 300 $aPrint version no longer for sale by the Supt. of Docs. 320 $aIncludes bibliographical references (pages 611-626) and index. 517 $aManhattan 606 $aAtomic bomb$zUnited States$xHistory 606 $aWorld War, 1939-1945 606 $aAtomic bomb$2fast 607 $aUnited States$2fast 608 $aHistory.$2fast 615 0$aAtomic bomb$xHistory. 615 0$aWorld War, 1939-1945. 615 7$aAtomic bomb. 676 $a355.8/25119/0973 700 $aJones$b Vincent C.$f1915-$01392837 712 02$aCenter of Military History, 801 0$bOCLCE 801 1$bOCLCE 801 2$bOCLCQ 801 2$bOCLCO 801 2$bOCLCQ 801 2$bOCLCF 801 2$bOCLCO 801 2$bOCLCQ 801 2$bOCLCA 801 2$bGPO 906 $aBOOK 912 $a9910714177403321 996 $aManhattan, the Army and the atomic bomb$93448184 997 $aUNINA